00593nam a2200169Ia 450000500170000000800410001702000150005808200130007310000210008624500910010726000340019830000120023250000630024494200060030795200950031399900150040820250624032021.0240331s9999 xx 000 0 und d a9559255010 bWICa340 aWickramasinghe,S 0aManawa ayitheen pilibanda neethiya saha manawadayavadee neethiya pilibanda hadinweemak aColombobNadeson centrec1995 a77 p ., aAn introduction to Human Rights , law and Humanitarian law cL 001040708LaWERCLbWERCLcSSCd2024-03-31l0o 340 WICp4861r2024-03-31w2024-03-31yL c5091d5091